000 00197nam a2200085Ia 4500
008 230915s9999 xx 000 0 und d
050 _aSB322 .K56
245 0 _aKNOW AND GROW VEGETABLES
942 _cBK
999 _c201809
_d201809